00575nam a2200181 a 450000100100000000500170001000800410002702000150006804000250008308200080010810000270011624500440014325000110018726000420019830000280024095201080026899900170037600003977120201002033726.0130718s1985 sp a 000 0 spa d a8425412226 aDO-SdBNPbspacBNPHU axxx1 aMateu, Gregorio94748710aEs posible ser feliz /cGregorio Mateu. a2a ed. aBarcelona, España :bHerder,c1985. a342 p. :bil. ;c22 cm. 001050718MOaGRbGRcHDd2013-07-18iLF1l0oxxx p39771-10r2020-06-25w2020-06-25y1ZNo se presta c39261d39261